| 000 | 00472nam a2200193Ia 4500 | ||
|---|---|---|---|
| 003 | 0100 | ||
| 008 | 130303s9999 xx 000 0 und d | ||
| 040 | _cARRUPELIB | ||
| 050 | _aBX1746.B525131984 | ||
| 100 | _aBoff, Leonardo | ||
| 245 | _aChurch, charism and power | ||
| 245 | _bLiberation theology and the Institutional Church | ||
| 260 | _aNY | ||
| 260 | _bCrossroad | ||
| 260 | _C1985 | ||
| 300 | _a182p | ||
| 700 | _atr. by John W. Diercksmeier | ||
| 942 | 0 | 0 | _02 |
| 999 |
_c23177 _d23177 |
||